Normal view
MARC view
- Kirad, Kamal Singh
Entry Personal Name
001 - CONTROL NUMBER
- control field: 2091
003 - CONTROL NUMBER IDENTIFIER
- control field: OSt
005 - DATE AND TIME OF LATEST TRANSACTION
- control field: 20170927144037.0
008 - FIXED-LENGTH DATA ELEMENTS
- fixed length control field: 170927|| aca||aabn | a|a d
040 ## - CATALOGING SOURCE
- Original cataloging agency: OSt
- Transcribing agency: OSt
100 ## - HEADING--PERSONAL NAME
- Personal name: Kirad, Kamal Singh
670 ## - SOURCE DATA FOUND
- Source citation: Work cat.: (OSt): Barche, Swati 2090, Post harvest handling of fruits, vegetables and flowers, 2013
